000 00710nam a22002417i 4500
003 DO-SdBNP
005 20231002131350.0
007 ta
008 221103b2021 dr ||||| |||| 00| 0 spa d
020 _a978847084741
040 _aDO-SdBNP
_bspa
_cBNPHU
_erda
082 4 _bU81t
_222
100 _977712
_aUrraca, José Luis,
_d1964-
245 1 3 _aEl tercer oro :
_bcrónica de un pelotero agricultor /
_cJosé Luis Urraca
264 _aSanto Domingo :
_bSoto Castillo,
_c2021
300 _a44 paginas. ;
_c24 cm.
336 _2rdacontent
_atexto
_btxt
337 _2rdamedia
_asin mediación
_bn
338 _2rdacarriaer
_avolumen
_bnc
590 _aInventariado, 2023 / DG
910 _aDG
942 _2ddc
_cLBS1
999 _c53856
_d53856